000 00281nam a22001337a 4500
008 180308b xxu||||| |||| 00| 0 eng d
020 _a07sr23743400
041 _aeng
080 _a004
100 _a30
101 _aSHKI
245 _aExploring JAVA
_cOreilly
942 _2udc
_cBK
999 _c44378
_d44378